Catalog

Record Details

Catalog Search



Labyrint dávných dějin českých  Cover Image Book Book

Labyrint dávných dějin českých / Oldřich Králík

Králík, Oldřich (Author).

Record details

  • Physical Description: 155 s.
  • Edition: Vydání první
  • Publisher: Praha Vyšehrad 1970

Available copies

  • 1 of 1 copy available at Common Catalog SPOK.

Holds

  • 0 current holds with 1 total copy.
Show Only Available Copies
Location Call Number / Copy Notes Barcode Shelving Location Status Due Date
ETS Library 943.7022 424470012025 Volný výběr Available -

LDR 00645nam a2 00241
00133568
003CZ-PrJAB
00520100409000000.0
008100409s1970 xr e |||| |cze
009cz
035 . ‡a(CONS)5194
035 . ‡aKPS13346
040 . ‡aABG450
041 . ‡acze
08214. ‡a943.7022
100 . ‡77091 ‡aKrálík, Oldřich
245 . ‡aLabyrint dávných dějin českých / ‡cOldřich Králík
250 . ‡aVydání první
260 . ‡aPraha ‡bVyšehrad ‡c1970
300 . ‡a155 s.
653 . ‡aLabyrint dávných dějin českých
8524 . ‡bETS ‡bETS ‡cVolný výběr ‡j943.7022 ‡gA ‡p424470012025
910 . ‡aABG450
999 . ‡a5194 ‡bAUTOGEN ‡c5194 ‡tbiblio
905 . ‡uadmin
901 . ‡a33568 ‡b ‡c33568 ‡tbiblio ‡sets

Additional Resources